000 00334nam a2200145Ia 4500
008 210210b1947 xxu||||| |||| 00| 0 eng d
041 _aeng
082 _a511/94
100 _aPAGE (A)
245 _aAlgebra
260 _aLondon
_bUniversity of London Press Ltd.
_c1947
650 _aAlgebra
690 _aAlgebra
906 _a007165
999 _c139501
_d139501